Brazilian Cities by Picture - Statistics

General Stats
  • This quiz has been taken 50 times
  • The average score is 10 of 12
Answer Stats
Picture Hint Answer % Correct
R Rio de Janeiro
100%
S São Paulo
98%
B Brasília
95%
B Belo Horizonte
85%
F Fortaleza
83%
M Manaus
83%
R Recife
80%
C Curitiba
78%
S Salvador
78%
B Belém
73%
P Porto Alegre
73%
G Goiânia
63%
No matching quizzes found
Score Distribution
Percent of People with Each Score
Percentile by Number Answered
Your Score History
You have not taken this quiz